00495 2200181 4500001002100000005001500021035002000036245008200056100001800138250001700156300003200173700001900205260003500224082000800259084001400267020002200281650001000303INLIS00000000000078320241109075132 a0010-11240000061 aSains Untuk Pemula :bEnergi dalam Kehidupan /cDiah Rahmatia, Pipit Pitriana0 aDiah Rahmatia aCetakan ke-1 aiv, 44 hlm :bIlus ;c21 cm0 aPipit Pitriana aJakarta :bGaneca exact,c2007 a500 a500 DIA s a978-979-571-391-3 4aSains